000 00413cam a2200181 4500
001 D14401
008 090401t1937 xxu||||| |||| 00| 0 eng d
035 _a(Sirsi) u15434
041 _aeng
100 _aWebb, Clarence A
245 _aValuation of real property
250 _a6th
260 _aLondon
_bThe Technical Press
_c1937
350 _a0
520 _aShelf 137
942 _n0
948 _c04/03/1997
999 _c87283
_d87283